No time to panic. (Record no. 60377)

MARC details
000 -LEADER
fixed length control field 00862cam a2200217 4500
001 - CONTROL NUMBER
control field ABS60727
008 - FIXED-LENGTH DATA ELEMENTS--GENERAL INFORMATION
fixed length control field 000000n1999 000 0 eng u
035 ## - SYSTEM CONTROL NUMBER
System control number (Sirsi) u101217
100 ## - MAIN ENTRY--PERSONAL NAME
Personal name Fenwick, J.
245 ## - TITLE STATEMENT
Title No time to panic.
260 ## - PUBLICATION, DISTRIBUTION, ETC.
Date of publication, distribution, etc. 1999
490 ## - SERIES STATEMENT
Series statement Premises and Facilities Management
Volume/sequential designation June 1999, 44-45(2)
520 ## - SUMMARY, ETC.
Summary, etc. Emphasises the need for facilities managers to review their emergency evacuation procedures in the light of the Disability Discrimination Act 1995, which relies heavily on compliance to current building regulations, especially Part M, and BS5588 Part 8.
650 ## - SUBJECT ADDED ENTRY--TOPICAL TERM
Topical term or geographic name entry element MANAGEMENT-HEALTH AND SAFETY-FIRE SAFETY
650 ## - SUBJECT ADDED ENTRY--TOPICAL TERM
Topical term or geographic name entry element FIRE EVACUATION
650 ## - SUBJECT ADDED ENTRY--TOPICAL TERM
Topical term or geographic name entry element DISABLED PEOPLE
650 ## - SUBJECT ADDED ENTRY--TOPICAL TERM
Topical term or geographic name entry element DISABILITY DISCRIMINATION ACT 1995
650 ## - SUBJECT ADDED ENTRY--TOPICAL TERM
Topical term or geographic name entry element FIRE ENGINEERING
690 ## - LOCAL SUBJECT ADDED ENTRY--TOPICAL TERM (OCLC, RLIN)
Topical term or geographic name as entry element BUILT ENVIRONMENT-BUILDING STANDARDS
942 ## - ADDED ENTRY ELEMENTS (KOHA)
Suppress in OPAC 0
Holdings
Withdrawn status Lost status Source of classification or shelving scheme Damaged status Not for loan Home library Current library Shelving location Date acquired Total Checkouts Full call number Barcode Date last seen Copy number Price effective from Koha item type
    Dewey Decimal Classification     London London Journal article 02/11/1999   ABS60727 101217-1001 06/08/2019 1 06/08/2019 Journal article